Catalog

Record Details

Catalog Search



Johannes und sein Evangelium  Cover Image Book Book

Johannes und sein Evangelium / Karl Heinrich Rengstorf  

Record details

  • ISBN: 3-534-03381-7
  • Publisher: Darmstadt : Wissenschaftliche Buchgesellschaft, 1973

Available copies

  • 1 of 1 copy available at Common Catalog SPOK.

Holds

  • 0 current holds with 1 total copy.
Show Only Available Copies
Location Call Number / Copy Notes Barcode Shelving Location Status Due Date
ETS Library 226.5 424470018197 Volný výběr Available -

LDR nam a22 i 4500
00147959
003CZ-PrJAB
00520210118233315.0
007ta
008210118s1973 gw e 000 0 ger
020 . ‡a3-534-03381-7
040 . ‡aABG450 ‡bcze ‡erda
08214. ‡a226.5
1001 . ‡aRengstorf, Karl Heinrich ‡4aut
24510. ‡aJohannes und sein Evangelium / ‡cKarl Heinrich Rengstorf  
264 1. ‡aDarmstadt : ‡bWissenschaftliche Buchgesellschaft, ‡c1973
336 . ‡atext ‡btxt ‡2rdacontent
338 . ‡asvazek ‡bnc ‡2rdacarrier
4900 . ‡aWege der Forschung ; ‡vBand LXXXII
910 . ‡aABG450
995 . ‡aska
901 . ‡a47959 ‡b ‡c47959 ‡tbiblio

Additional Resources